000 00733nam a2200241Ia 4500
003 OSt
005 20220923223545.0
006 a|||||r|||| 00| 0
007 ta
008 Pun
024 _a218,844
037 _cTextual
040 _aARTS
_cARTS
_bPun
041 _2Pun
_aPun
082 _aO153:gN9, N2
100 _aਹਰਚਰਨ ਕੈਰ, ਥਦ.
245 0 _aਆਧੁਨਿਕ ਪੰਜਾਬੀ ਸਾਹਿੱਤ;ਪੂਨਰ ਵਿਚਾਰ
260 _aਦਿੱਲੀ
_b ਪੰਜਾਬੀ ਅਕਾਦਮੀ
_c1992
300 _a145ਪੰ
_ccm.
650 _aਪੰਜਾਬੀ ਸਾਹਿਤ
942 _hO153:gN9, N2
_cTEXL
_2CC
999 _c366178
_d366178